Quiz o Bieszczadach - Statystyki

Ogólne statystyki
  • Ten quiz został rozwiązany 249 razy
  • Średni wynik to 5 z 10
Statystyki odpowiedzi
Zagadnienie Odpowiedź % Poprawnych
Jak nazywa się jedna z najdłuższych rzek w Polsce wypływająca z Bieszczad? San
86%
Jak nazywa się góra na której stoi charakterystyczny krzyż? Tarnica
86%
Jak nazywa się wąż żyjący w Polsce jedynie w Bieszczadach, którego nazwę nosi wiele przychodni medycznych w Polsce? Wąż Eskulapa
86%
Jak nazywa się rodzaj bizona który zamieszkuje w Bieszczadach i którego 1/3 światowej populacji żyje w Polsce. Żubr Europejski
74%
Czy Bieszczady to część Beskidów? Tak
53%
Jak nazywa się najwyższy szczyt w całych Bieszczadach? Pikuj
40%
Jak nazywa się polska rasa konia występującego w Bieszczadach? Konik Polski
37%
Która forma jest poprawna? Obie formy są poprawne.
37%
Ile szczytów i grzbietów w polskiej części Bieszczad trzeba zdobyć aby otrzymać odznakę "Korona Bieszczadów"? 15
26%
W którym roku padł rekord najzimniejszej temperatury odnotowanej w Bieszczadach? (-37'C) 2013
2%
Nie znaleziono quizów pasujących do podanych kryteriów
Rozkład punktacji
Procent ludzi z każdym wynikiem
Percentyl według liczby udzielonych odpowiedzi
Twoja historia wyników
Nie rozwiązałeś tego quizu